[Event "GER-ch U12"]
[White "Schirra, Maurice"]
[Black "Schumacher, Ole"]
[Site "Oberhof"]
[Round "2"]
[Result "1-0"]
[Date "2013.05.19"]
[WhiteElo "1656"]
[BlackElo "1120"]
[PlyCount "89"]
[EventDate "2013.05.19"]
[EventType "swiss"]
[EventRounds "11"]
[EventCountry "GER"]
[SourceTitle "CBM 154 Extra"]
[Source "ChessBase"]
[SourceDate "2013.06.25"]
[SourceVersion "2"]
[SourceVersionDate "2013.06.25"]
[SourceQuality "1"]

1. e4 e6 2. d3 d5 3. Nd2 Nf6 4. Ngf3 Nbd7 5. g3 dxe4 6. Nxe4 b6 7. Bg2 Nxe4 8. dxe4 Bb7 9. Nd2 Bc5 10. 0-0 0-0 11. Nb3 Qe7 12. Nxc5 Nxc5 13. Re1 Rad8 14. Qe2 Rd6 15. b4 Nxe4 16. Bxe4 Bxe4 17. Qxe4 Qf6 18. Be3 Rd5 19. c4 Qe5 20. Qxe5 Rxe5 21. Bf4 Rxe1+ 22. Rxe1 c6 23. Rd1 Rc8 24. Rd7 a6 25. Ra7 b5 26. c5 Kf8 27. Rxa6 Ke7 28. Ra7+ Kf6 29. Bd6 Kf5 30. Rxf7+ Kg6 31. Ra7 Kf6 32. Kg2 h5 33. Kf3 g5 34. Ke4 Rg8 35. Rc7 Ra8 36. Rxc6 Rxa2 37. Rb6 Rxf2 38. c6 Rxh2 39. c7 Rc2 40. Bc5 Rc4+ 41. Kd3 h4 42. c8Q hxg3 43. Qxe6+ Kg7 44. Qg6+ Kh8 45. Rb8# 1-0

[Event "Hessen-ch U12"]
[White "Kersten, Kay Lukas"]
[Black "Schirra, Maurice"]
[Site "Bad Homburg"]
[Round "4"]
[Result "0-1"]
[Date "2013.??.??"]
[WhiteElo "1197"]
[BlackElo "1656"]
[PlyCount "70"]
[EventDate "2013.03.??"]
[EventType "swiss"]
[EventRounds "9"]
[EventCountry "GER"]
[SourceTitle "EXT 2014"]
[Source "ChessBase"]
[SourceDate "2013.11.20"]
[SourceVersion "1"]
[SourceVersionDate "2013.11.20"]
[SourceQuality "1"]

1. e4 e5 2. Nf3 Nf6 3. Nc3 Nc6 4. Bb5 Bb4 5. d3 d6 6. Bd2 0-0 7. 0-0 Bg4 8. h3 Bh5 9. Re1 Nd4 10. Bc4 Qd7 11. Be3 Bxf3 12. gxf3 Qxh3 13. Bxd4 exd4 14. a3 Nh5 15. Ne2 Bxe1 16. Qxe1 Qxf3 17. Nxd4 Qg4+ 18. Kh1 Qh4+ 19. Kg1 Qg5+ 20. Kh1 Nf4 21. Qg1 Qh5+ 22. Qh2 Qxh2+ 23. Kxh2 d5 24. Bxd5 Nxd5 25. exd5 Rad8 26. c4 c6 27. Nf3 cxd5 28. Kg2 dxc4 29. dxc4 Rc8 30. b3 Rcd8 31. b4 Rfe8 32. Kg3 Re2 33. Ng1 Rc2 34. c5 Rd3+ 35. Nf3 Rcc3 0-1

[Event "Hessen-ch U12"]
[White "Poetsch, Leonore"]
[Black "Schirra, Maurice"]
[Site "Bad Homburg"]
[Round "6"]
[Result "0-1"]
[Date "2013.??.??"]
[WhiteElo "1468"]
[BlackElo "1656"]
[PlyCount "86"]
[EventDate "2013.03.??"]
[EventType "swiss"]
[EventRounds "9"]
[EventCountry "GER"]
[SourceTitle "EXT 2014"]
[Source "ChessBase"]
[SourceDate "2013.11.20"]
[SourceVersion "1"]
[SourceVersionDate "2013.11.20"]
[SourceQuality "1"]

1. e4 e5 2. Nf3 Nf6 3. Bc4 Nxe4 4. Nc3 Nf6 5. Nxe5 d5 6. Bb3 Bd6 7. Nf3 c6 8. 0-0 0-0 9. d4 Bg4 10. Qd3 Qc7 11. h3 Bh5 12. Ne2 Bg6 13. Qd1 Be4 14. Ne1 Nbd7 15. c3 Nh5 16. Bc2 Ndf6 17. Bg5 Rae8 18. Bxf6 Nxf6 19. Bxe4 Nxe4 20. Nf3 Re6 21. Nd2 Rfe8 22. Nxe4 Rxe4 23. Nc1 Qd7 24. Qf3 Rf4 25. Qd3 Qe6 26. Nb3 Re4 27. Nc5 Bxc5 28. dxc5 Qe7 29. b4 Re2 30. a4 Qe4 31. Qd4 Qxd4 32. cxd4 Rd2 33. Rfd1 Ree2 34. Rxd2 Rxd2 35. Re1 Kf8 36. Kf1 Rxd4 37. Rb1 a5 38. bxa5 Rxa4 39. a6 Rxa6 40. Rxb7 Ra5 41. Ke2 Rxc5 42. Kd3 Rc4 43. Rd7 Ke8 0-1

[Event "Hessen-ch U12"]
[White "Schirra, Maurice"]
[Black "Kuehner, Tobias"]
[Site "Bad Homburg"]
[Round "9"]
[Result "1/2-1/2"]
[Date "2013.??.??"]
[WhiteElo "1656"]
[BlackElo "1344"]
[PlyCount "49"]
[EventDate "2013.03.??"]
[EventType "swiss"]
[EventRounds "9"]
[EventCountry "GER"]
[SourceTitle "EXT 2014"]
[Source "ChessBase"]
[SourceDate "2013.11.20"]
[SourceVersion "1"]
[SourceVersionDate "2013.11.20"]
[SourceQuality "1"]

1. e4 c5 2. Nc3 d6 3. f4 e6 4. Nf3 Nc6 5. Bb5 Bd7 6. d3 Nge7 7. 0-0 g6 8. Qe1 Bg7 9. Qg3 Nd4 10. Bxd7+ Qxd7 11. Nxd4 Bxd4+ 12. Be3 Bg7 13. Qf3 0-0 14. Kh1 Rab8 15. Rad1 a6 16. d4 cxd4 17. Bxd4 Bxd4 18. Rxd4 Qc7 19. Rfd1 Rbd8 20. Qd3 d5 21. exd5 exd5 22. Nxd5 Nxd5 23. Rxd5 Rxd5 24. Qxd5 Qxc2 25. Qd2 1/2-1/2

[Event "Hessen-ch U12"]
[White "Schirra, Maurice"]
[Black "Weber, Samuel"]
[Site "Bad Homburg"]
[Round "5"]
[Result "1-0"]
[Date "2013.??.??"]
[WhiteElo "1656"]
[BlackElo "1721"]
[PlyCount "21"]
[EventDate "2013.03.??"]
[EventType "swiss"]
[EventRounds "9"]
[EventCountry "GER"]
[SourceTitle "EXT 2014"]
[Source "ChessBase"]
[SourceDate "2013.11.20"]
[SourceVersion "1"]
[SourceVersionDate "2013.11.20"]
[SourceQuality "1"]

1. e4 d5 2. exd5 Qxd5 3. Nc3 Qa5 4. Bc4 Nf6 5. d3 Nc6 6. Bd2 Qb6 7. Nge2 Bg4 8. f3 Bh5 9. Na4 0-0-0 10. Nxb6+ cxb6 11. Nf4 1-0

[Event "GER-ch Net final U14"]
[White "Schirra, Maurice"]
[Black "Fieberg, Samuel"]
[Site "Playchess.com INT"]
[Round "3"]
[Result "1/2-1/2"]
[Date "2012.09.15"]
[WhiteElo "1609"]
[BlackElo "1745"]
[PlyCount "123"]
[EventDate "2012.09.15"]
[EventType "swiss (blitz)"]
[EventRounds "9"]
[EventCountry "GER"]
[SourceTitle "CBM 150 Extra"]
[Source "ChessBase"]
[SourceDate "2012.10.19"]
[SourceVersion "1"]
[SourceVersionDate "2012.10.19"]
[SourceQuality "1"]

1. e4 b6 2. d4 Bb7 3. Bd3 e6 4. Nc3 Nf6 5. Nf3 c5 6. Be3 c4 7. Bxc4 Nxe4 8. Nxe4 Bxe4 9. 0-0 d5 10. Bd3 Bxd3 11. Qxd3 Nd7 12. Qb5 Be7 13. Ne5 f6 14. Nc6 Qc7 15. Nxe7 Kxe7 16. Qb4+ Qd6 17. Qxd6+ Kxd6 18. Rfe1 Rhe8 19. Bf4+ e5 20. dxe5+ fxe5 21. Bg3 g5 22. Rad1 Kc6 23. Rd3 Re6 24. h4 h6 25. b3 Rae8 26. c3 Nf6 27. Rde3 Kd6 28. Rd1 Kc6 29. Rde1 Ng4 30. R3e2 Nf6 31. Rxe5 Rxe5 32. Rxe5 Rxe5 33. Bxe5 Ne4 34. hxg5 hxg5 35. Kf1 Kd7 36. Ke2 Ke6 37. Bb8 a6 38. f3 Nxc3+ 39. Kd3 Nxa2 40. Ba7 b5 41. Be3 Nb4+ 42. Kc3 Nc6 43. Bxg5 d4+ 44. Kd3 a5 45. Bc1 Kf5 46. g4+ Ke6 47. f4 Kd5 48. g5 Nb4+ 49. Kd2 Ke4 50. Bb2 Nd5 51. g6 Nf6 52. g7 Kxf4 53. Bxd4 Ng8 54. Kc3 a4 55. bxa4 bxa4 56. Kb4 Kf5 57. Kxa4 Kg6 58. Kb5 Kf7 59. Kc6 Ne7+ 60. Kc5 Nf5 61. Ba1 Nxg7 62. Bxg7 1/2-1/2

[Event "GER-ch Net final U14"]
[White "Schirra, Maurice"]
[Black "Kartsev, Nikolaj"]
[Site "Playchess.com INT"]
[Round "1"]
[Result "1-0"]
[Date "2012.09.15"]
[WhiteElo "1609"]
[BlackElo "1882"]
[PlyCount "129"]
[EventDate "2012.09.15"]
[EventType "swiss (blitz)"]
[EventRounds "9"]
[EventCountry "GER"]
[SourceTitle "CBM 150 Extra"]
[Source "ChessBase"]
[SourceDate "2012.10.19"]
[SourceVersion "1"]
[SourceVersionDate "2012.10.19"]
[SourceQuality "1"]

1. e4 c5 2. Nc3 Nc6 3. Bb5 g6 4. Bxc6 bxc6 5. f4 e6 6. d3 Bg7 7. Nf3 Ne7 8. 0-0 0-0 9. Qe1 d6 10. Qh4 f6 11. g4 Rb8 12. Kh1 h6 13. Rg1 a5 14. Qf2 g5 15. fxg5 fxg5 16. Qg3 Ng6 17. Qh3 Nf4 18. Bxf4 Rxf4 19. Rab1 Qf6 20. Rgf1 Qg6 21. Ne2 Rf7 22. c3 Ba6 23. Nd2 Rbf8 24. Rxf7 Rxf7 25. Rf1 Rxf1+ 26. Nxf1 d5 27. exd5 cxd5 28. Nc1 d4 29. c4 Bb7+ 30. Kg1 Be5 31. Ng3 Bf4 32. Nge2 Bxc1 33. Nxc1 e5 34. Qg3 e4 35. Qb8+ Kg7 36. Qxb7+ Qf7 37. Qxf7+ Kxf7 38. dxe4 Ke6 39. Kf2 Ke5 40. Kf3 Ke6 41. Nd3 Kf6 42. Nxc5 Ke5 43. Nb7 Ke6 44. Nxa5 Ke5 45. Nb3 Ke6 46. Nxd4+ Ke5 47. Ke3 Kd6 48. b4 Ke5 49. a4 Kd6 50. a5 Kc7 51. b5 Kb7 52. c5 Kc7 53. a6 Kd8 54. b6 Ke7 55. c6 h5 56. gxh5 g4 57. a7 g3 58. hxg3 Kf6 59. a8Q Kg7 60. Qd8 Kf7 61. Qd7+ Kg8 62. Qe6+ Kf8 63. Qd7 Kg8 64. Ne6 Kh8 65. Qg7# 1-0